Robin Hood characters by picture - Statistics

General Stats
  • This quiz has been taken 30 times
  • The average score is 8 of 12
Answer Stats
Picture Answer % Correct
Robin Hood
100%
Little John
96%
Maid Marian
92%
Prince John
88%
Friar Tuck
85%
King Richard
85%
Sheriff of Nottingham
69%
Sir Hiss
46%
Skippy
23%
Toby
23%
Trigger and Nutsy
23%
Lady Kluck
19%
No matching quizzes found
Score Distribution
Percent of People with Each Score
Percentile by Number Answered
Your Score History
You have not taken this quiz